000 00351pam a2200145 a 4500
020 _c
041 _h
082 _a759.1
_bHAL
100 _aA.N. Jarkar C. Mackay.
245 _aKalighat Paintings
_bKalighat Paintings
_hTextual Documents
250 _a2000.
260 _a[s.l]:
_bLuster Press Radi Books
300 _bpocket Book;
930 _a2075
999 _c235865
_d235865